| 000 | 00932nam a2200229Ia 4500 | ||
|---|---|---|---|
| 999 |
_c50894 _d50894 |
||
| 001 | 17849 | ||
| 003 | GE_BSU | ||
| 005 | 20200226141746.0 | ||
| 008 | 181216s2001ru xx |||||||||||||| ||rus|| | ||
| 020 | _a9785891910393 | ||
| 040 | _cGE_BSU | ||
| 041 | _arus | ||
| 080 | _a81(075.8) Л-47 | ||
| 100 |
_aЛатышев,Л.К. _97488 |
||
| 245 |
_aТехнология перевода : _bКнига для преподавателя с методическими комментариями и ключами к упражнениям / _cЛ.К. Латышев ; Гл. ред. Н.И.Крылова. |
||
| 264 |
_aМосква : _bНВИ-ТЕЗАРИУС, _c2001. |
||
| 300 |
_a88 стр.: _c20 см. |
||
| 653 | _aТехнология перевода. | ||
| 653 | _aთარგმნის თეორია | ||
| 700 |
_aКрылова, Н.И. _eმთავარი რედაქტორი _97493 |
||
| 942 |
_cBK _2udc |
||